000 01085cam a2200349 a 4500
999 _c128295
_d128295
001 18493762
003 ARRUPE
005 20181002123044.0
008 150127s2015 fr b 000 0 fre
010 _a 2015387452
020 _a9782755405712
020 _a2755405716
040 _aDLC
_cDLC
042 _apcc
050 0 0 _aBX2240
_b.P788 2014
100 1 _aPompanon, Jean-Claude.
_942706
245 1 3 _aLe sacrement de l'ordre /
_cJean-Claude Pompanon.
260 _aParis :
_bFrançois-Xavier de Guibert,
_c[2014]
300 _a490 p. ;
_c24 cm
504 _aIncludes bibliographical references.
650 0 _aOrdination
_925067
906 _a7
_bcbc
_corigres
_d3
_encip
_f20
_gy-gencatlg
942 _2lcc
_cMONOGRAPH